Engineering Thermodynamics Work and Heat Transfer (Record no. 8188)

MARC details
000 -LEADER
fixed length control field 00351nam a2200145Ia 4500
003 - CONTROL NUMBER IDENTIFIER
control field OSt
008 - FIXED-LENGTH DATA ELEMENTS--GENERAL INFORMATION
fixed length control field 191201s2019 xx 000 0 und d
082 ## - DEWEY DECIMAL CLASSIFICATION NUMBER
Classification number 621.4021
Item number ROE
100 ## - MAIN ENTRY--PERSONAL NAME
Personal name ROGER, Gordon
245 #0 - TITLE STATEMENT
Title Engineering Thermodynamics Work and Heat Transfer
250 ## - EDITION STATEMENT
Edition statement imp 1st
260 ## - PUBLICATION, DISTRIBUTION, ETC. (IMPRINT)
Name of publisher, distributor, etc Pearson
Place of publication, distribution, etc New Delhi
300 ## - PHYSICAL DESCRIPTION
Extent 711
942 ## - ADDED ENTRY ELEMENTS (KOHA)
Source of classification or shelving scheme Dewey Decimal Classification
Koha item type Text Books
Holdings
Withdrawn status Lost status Source of classification or shelving scheme Damaged status Not for loan Collection code Home library Current library Date acquired Source of acquisition Cost, normal purchase price Bill Number Total Checkouts Full call number Acc. no. / Barcode Date last seen Actual Cost, discounted price Bill Date Koha item type
    Dewey Decimal Classification     Diploma in Mechanical PIET C-LIBRARY PIET C-LIBRARY 18/05/2019 KIRTI PRAKASHAN, NEW DELHI 919.00 IN3913   621.4021 ROE DE1352 04/12/2019 624.92 18/05/2019 Text Books
    Dewey Decimal Classification     Diploma in Mechanical PIET C-LIBRARY PIET C-LIBRARY 18/05/2019 KIRTI PRAKASHAN, NEW DELHI 919.00 IN3913   621.4021 ROE DE1353 04/12/2019 624.92 18/05/2019 Text Books

Design & Developed by: PIET Central Library
R70 Miles Stone Pattikalyana Samalkha Panipat 132102
mail ID :- [email protected], Phone No:- 0180-2569700 Ex.216